[Event "2BLW 1718 TSV Schott Mainz - SG Solinge"]
[Site "?"]
[Date "2018.03.18"]
[Round "8.5"]
[White "Michalczak, Thomas"]
[Black "Bewersdorff, Oliver"]
[Result "1-0"]
[WhiteElo "2323"]
[BlackElo "2312"]
[PlyCount "101"]
[EventDate "2018.??.??"]

1. e4 e5 2. Nf3 Nc6 3. Bb5 a6 4. Ba4 Nf6 5. O-O Be7 6. Re1 b5 7. Bb3 d6 8. c3
O-O 9. h3 Nb8 10. d4 Nbd7 11. c4 c6 12. Qc2 Qc7 13. Nc3 exd4 14. Nxd4 b4 15.
Nce2 c5 16. Nf5 Ne5 17. Neg3 Be6 18. Bg5 Bd8 19. Rad1 Ne8 20. Bf4 Bf6 21. Ba4
Rd8 22. b3 Ng6 23. Bc1 Be5 24. Nh5 Ne7 25. f4 Bc3 26. Bb2 Bxf5 27. Bxe8 Bg6 28.
Bxc3 bxc3 29. Ba4 Bxh5 30. g4 Bg6 31. f5 Nc6 32. Bxc6 Qxc6 33. Qxc3 Rde8 34.
Rd5 f6 35. fxg6 hxg6 36. Qd3 Re6 37. Rd1 Rf7 38. Rxd6 Rxd6 39. Qxd6 Qxe4 40.
Qxc5 Qf3 41. Rd8+ Kh7 42. Qf2 Qxh3 43. Qh2 Qxh2+ 44. Kxh2 Re7 45. Rd2 Kh6 46.
b4 Re4 47. Rc2 Kg5 48. a4 Kf4 49. b5 axb5 50. axb5 Ke5 51. c5 1-0

[Event "2BLW 1718 TSV Schott Mainz - SG Solinge"]
[Site "?"]
[Date "2018.03.18"]
[Round "8.6"]
[White "Gohil, Harry"]
[Black "Kniest, Oliver"]
[Result "1/2-1/2"]
[WhiteElo "2228"]
[BlackElo "2306"]
[PlyCount "67"]
[EventDate "2018.??.??"]

1. d4 d5 2. Nf3 Nf6 3. e3 e6 4. Bd3 c5 5. b3 Nc6 6. Bb2 Bd6 7. O-O O-O 8. Nbd2
b6 9. a3 Bb7 10. Ne5 Rc8 11. f4 Ne7 12. Qe2 Ne4 13. Rfd1 f6 14. Bxe4 dxe4 15.
Ndc4 Nd5 16. Nxd6 Qxd6 17. dxc5 Qxc5 18. Nd7 Qxe3+ 19. Qxe3 Nxe3 20. Nxf8 Nxd1
21. Rxd1 Kxf8 22. c4 Ke8 23. a4 Rd8 24. Rxd8+ Kxd8 25. Kf2 e3+ 26. Kxe3 Bxg2
27. Bc3 Kd7 28. Kd4 Bf3 29. a5 Bd1 30. axb6 axb6 31. b4 g5 32. fxg5 fxg5 33.
Bd2 h6 34. Ke5 1/2-1/2

[Event "2BLW 1718 TSV Schott Mainz - SG Solinge"]
[Site "?"]
[Date "2018.03.18"]
[Round "8.7"]
[White "Wickenfeld, Stefan"]
[Black "Lisanti, Andre"]
[Result "1/2-1/2"]
[WhiteElo "2203"]
[BlackElo "2220"]
[PlyCount "41"]
[EventDate "2018.??.??"]

1. d4 Nf6 2. Nf3 b5 3. g3 Bb7 4. Bg2 e6 5. O-O c5 6. a4 b4 7. c4 cxd4 8. Nxd4
Bxg2 9. Kxg2 d5 10. cxd5 Qxd5+ 11. f3 Nbd7 12. Nb5 Qb7 13. Nd6+ Bxd6 14. Qxd6
Rc8 15. Bd2 Rc6 16. Qxb4 Rb6 17. Qa3 Rb3 18. Qd6 Rb6 19. Qa3 Rb3 20. Qd6 Rb6
21. Qa3 1/2-1/2

[Event "2BLW 1718 TSV Schott Mainz - SG Solinge"]
[Site "?"]
[Date "2018.03.18"]
[Round "8.8"]
[White "Kienast, Joerg"]
[Black "Peschel, Andreas"]
[Result "1-0"]
[WhiteElo "2212"]
[BlackElo "2190"]
[PlyCount "157"]
[EventDate "2018.??.??"]

1. e4 g6 2. d4 Bg7 3. Nc3 c6 4. Nf3 d5 5. Be3 Bg4 6. Be2 dxe4 7. Nxe4 Nf6 8.
Ned2 O-O 9. h3 Bxf3 10. Nxf3 a5 11. Qd2 Na6 12. O-O Nc7 13. Rad1 Ncd5 14. Bh6
Ne4 15. Qc1 Qc7 16. Bxg7 Kxg7 17. Rfe1 Rad8 18. Bd3 Nef6 19. c3 Nh5 20. Re5
Nhf6 21. Rde1 Rd7 22. Nh4 e6 23. Qg5 Qd8 24. Qg3 Ng8 25. f4 c5 26. Nf3 cxd4 27.
Nxd4 Qf6 28. Bb5 Rdd8 29. f5 exf5 30. Rxf5 Qd6 31. Rfe5 Kh8 32. Qf3 Qc5 33. Kh1
Qd6 34. Qf2 Qf6 35. Qg3 Qf4 36. Qxf4 Nxf4 37. Bc4 Kg7 38. Rf1 Nh5 39. Kh2 Nhf6
40. Rxa5 h5 41. Re5 Rfe8 42. Rfe1 Rxe5 43. Rxe5 Rd6 44. Rc5 Nh6 45. Rc7 b6 46.
Kg3 Nd7 47. Kf4 Kf6 48. Rc6 g5+ 49. Ke3 Nf5+ 50. Kf2 Ne5 51. Rxd6+ Nxd6 52. Be2
h4 53. b3 Ne4+ 54. Ke3 Nxc3 55. a4 Nd5+ 56. Ke4 Nc3+ 57. Ke3 Nd5+ 58. Kd2 Nf4
59. Bf1 g4 60. b4 gxh3 61. gxh3 Ne6 62. Nxe6 Kxe6 63. Ke3 Kd5 64. Kf4 Kd4 65.
a5 bxa5 66. bxa5 Nc6 67. a6 Na7 68. Bg2 Nb5 69. Kg5 Ke5 70. Bc6 Nc7 71. a7 Ke6
72. Kxh4 Kf5 73. Kg3 Kg5 74. h4+ Kf5 75. Bf3 Kg6 76. Kf4 Kf6 77. Bc6 Kg6 78.
Ke5 Kh5 79. Kd6 1-0

[Event "2BLW 1718 Düsseldorfer SK - SG Bochum 3"]
[Site "?"]
[Date "2018.03.18"]
[Round "8.2"]
[White "Berelowitsch, Alexander"]
[Black "Hendriks, Willy"]
[Result "1-0"]
[WhiteElo "2527"]
[BlackElo "2409"]
[PlyCount "79"]
[EventDate "2018.??.??"]

1. e4 d6 2. d4 Nf6 3. Nc3 g6 4. Bg5 Bg7 5. Qd2 c6 6. f4 O-O 7. Bd3 Qb6 8. e5
Nd5 9. Nxd5 cxd5 10. c3 dxe5 11. fxe5 Nc6 12. Ne2 Bg4 13. Nf4 Rad8 14. h3 Bc8
15. Ne2 f6 16. exf6 Bxf6 17. O-O-O Qc7 18. Bh6 Bg7 19. Bxg7 Kxg7 20. Rhf1 Qd6
21. Qe3 a6 22. Bc2 Rf6 23. Rxf6 exf6 24. Nf4 Bd7 25. Qg3 Be8 26. Rf1 g5 27. Qg4
Bf7 28. h4 Qe7 29. Nh5+ Bxh5 30. Qxh5 Rh8 31. Kb1 Qe8 32. Qf3 Qe6 33. hxg5 fxg5
34. Qg3 Qe7 35. Rf5 h6 36. Rxd5 Rf8 37. b3 Rf7 38. Qd3 Qa3 39. Qg6+ Kf8 40.
Qxh6+ 1-0

[Event "2BLW 1718 Düsseldorfer SK - SG Bochum 3"]
[Site "?"]
[Date "2018.03.18"]
[Round "8.3"]
[White "Kotainy, Jens"]
[Black "Stark, Lars"]
[Result "1-0"]
[WhiteElo "2420"]
[BlackElo "2373"]
[PlyCount "117"]
[EventDate "2018.??.??"]

1. Nf3 d5 2. d4 Bf5 3. Bf4 e6 4. e3 Bd6 5. Bg3 Nf6 6. c4 O-O 7. Nc3 a6 8. Be2
dxc4 9. Ne5 Ne4 10. Nxc4 Nc6 11. Nxe4 Bxe4 12. Nxd6 cxd6 13. f3 Bg6 14. O-O d5
15. Qb3 Na5 16. Qb4 Nc4 17. Bxc4 dxc4 18. Qxb7 Bd3 19. Rfc1 Qg5 20. Kf2 Qb5 21.
Qxb5 axb5 22. Bd6 Rfd8 23. Bc5 Rac8 24. Bb4 f5 25. a4 bxa4 26. Rxa4 Rb8 27. Bc3
Rd7 28. Ke1 Rdb7 29. Kf2 g5 30. Kg3 Kf7 31. Rca1 h6 32. Ra6 Rb6 33. h4 Rxa6 34.
Rxa6 gxh4+ 35. Kxh4 Rg8 36. Ra7+ Ke8 37. d5 exd5 38. Bg7 f4 39. exf4 Bg6 40. g4
Bf7 41. Bxh6 Rg6 42. Bg5 Rb6 43. Re7+ Kf8 44. Re2 d4 45. Be7+ Kg8 46. Bc5 Rh6+
47. Kg3 d3 48. Re1 c3 49. bxc3 Rc6 50. Bb4 Bc4 51. Re4 Bb3 52. Rd4 Bc2 53. f5
Ra6 54. Kf4 Ra1 55. g5 Rh1 56. Ke5 Re1+ 57. Kf6 Re8 58. g6 Rb8 59. Kg5 1-0

[Event "2BLW 1718 Düsseldorfer SK - SG Bochum 3"]
[Site "?"]
[Date "2018.03.18"]
[Round "8.4"]
[White "Kohlweyer, Bernd"]
[Black "Goudriaan, Etienne"]
[Result "1/2-1/2"]
[WhiteElo "2336"]
[BlackElo "2346"]
[PlyCount "55"]
[EventDate "2018.??.??"]

1. Nf3 d5 2. d4 Nf6 3. c4 e6 4. e3 c5 5. cxd5 exd5 6. Bb5+ Nbd7 7. O-O c4 8. b3
a6 9. Bxd7+ Bxd7 10. bxc4 dxc4 11. e4 Be7 12. Nc3 Bg4 13. d5 O-O 14. Rb1 Qc7
15. h3 Bxf3 16. Qxf3 b5 17. Bf4 Bd6 18. Bxd6 Qxd6 19. a4 b4 20. e5 Qxe5 21.
Rxb4 Rac8 22. Qe3 Qxe3 23. fxe3 Rfe8 24. Kf2 Re5 25. Rd1 Rce8 26. Rxc4 Rxe3 27.
Rdd4 R3e7 28. d6 1/2-1/2

[Event "2BLW 1718 Düsseldorfer SK - SG Bochum 3"]
[Site "?"]
[Date "2018.03.18"]
[Round "8.5"]
[White "Schlawin, Marlon"]
[Black "Coenen, Michael"]
[Result "0-1"]
[WhiteElo "2335"]
[BlackElo "2358"]
[PlyCount "68"]
[EventDate "2018.??.??"]

1. c4 e6 2. g3 d5 3. Bg2 Nf6 4. Nf3 Be7 5. O-O O-O 6. b3 b6 7. Bb2 Bb7 8. d3 c5
9. cxd5 Nxd5 10. Nbd2 Bf6 11. Qc1 Nd7 12. Ne4 Bxb2 13. Qxb2 N7f6 14. Ned2 Qe7
15. a3 Rfd8 16. Rfb1 Rac8 17. b4 cxb4 18. axb4 Nc3 19. Re1 Nb5 20. Nc4 Nd5 21.
Reb1 Rc7 22. h4 Ba8 23. Kf1 Nbc3 24. Rc1 b5 25. e4 bxc4 26. exd5 Nxd5 27. Rxc4
Rxc4 28. dxc4 Nxb4 29. Qa3 Qf6 30. Rb1 Nd3 31. Qa5 e5 32. Qc7 e4 33. Rb8 Qa1+
34. Ke2 exf3+ 0-1

[Event "2BLW 1718 Düsseldorfer SK - SG Bochum 3"]
[Site "?"]
[Date "2018.03.18"]
[Round "8.6"]
[White "Miedema, David"]
[Black "Hengelbrock, Joachim"]
[Result "1-0"]
[WhiteElo "2393"]
[BlackElo "2294"]
[PlyCount "75"]
[EventDate "2018.??.??"]

1. d4 e6 2. e4 d5 3. Nc3 dxe4 4. Nxe4 Nd7 5. Nf3 Ngf6 6. Ng3 c5 7. Be2 b6 8.
O-O Bb7 9. c4 g6 10. d5 exd5 11. Re1 Bg7 12. Bf1+ Kf8 13. cxd5 Bxd5 14. Bf4 Kg8
15. Qd2 h6 16. h4 Nf8 17. Rad1 Qc8 18. h5 Bxa2 19. Ne5 g5 20. Qc2 Be6 21. Bc1
Ng4 22. Nxf7 Bxf7 23. Nf5 Bf6 24. Nd6 Qc7 25. g3 Bxh5 26. Bc4+ Kg7 27. Nf5+ Kh7
28. Ne7+ Kg7 29. Nd5 Qd6 30. Nf4 gxf4 31. Rxd6 fxg3 32. fxg3 Ne5 33. Bd5 Re8
34. Qf5 Nf3+ 35. Bxf3 Rxe1+ 36. Kf2 Bd4+ 37. Rxd4 Rxc1 38. Bxh5 1-0

[Event "2BLW 1718 Düsseldorfer SK - SG Bochum 3"]
[Site "?"]
[Date "2018.03.18"]
[Round "8.7"]
[White "Werthebach, Felix"]
[Black "de Gleria, Francesco"]
[Result "1/2-1/2"]
[WhiteElo "2170"]
[BlackElo "2395"]
[PlyCount "177"]
[EventDate "2018.??.??"]

1. c4 e5 2. Nc3 Nc6 3. g3 f5 4. Bg2 Nf6 5. d3 Bb4 6. Bd2 O-O 7. Nd5 Bxd2+ 8.
Qxd2 a5 9. e3 Ne7 10. Ne2 Nfxd5 11. cxd5 Ng6 12. f4 exf4 13. exf4 Qf6 14. O-O
Qb6+ 15. Kh1 Re8 16. Rae1 d6 17. Qc3 Bd7 18. Nd4 Rac8 19. h4 Nf8 20. Bh3 g6 21.
Bg2 Qc5 22. Qxc5 dxc5 23. Nf3 Bb5 24. Ne5 b6 25. Nc4 Kf7 26. Kg1 Bxc4 27. dxc4
Nd7 28. Kf2 Nf6 29. Bf3 Rxe1 30. Rxe1 Re8 31. Rxe8 Kxe8 32. Ke3 Ke7 33. Kd3 Ne8
34. b3 Kf6 35. Ke3 h6 36. Be2 Nd6 37. Bd3 Nf7 38. Be2 Nd6 39. Bd3 Ne8 40. Be2
Ng7 41. Bf3 Ne8 42. Be2 g5 43. hxg5+ hxg5 44. Bd3 Nd6 45. a4 Nc8 46. Be2 Ne7
47. Bf3 Ng6 48. Bh5 Nf8 49. Bf3 Nd7 50. Be2 Nb8 51. Bf3 Na6 52. Kd2 Nb4 53. Kc3
Na2+ 54. Kb2 Nb4 55. Kc3 Kg6 56. Kd2 Na6 57. Kd3 Nb8 58. Ke3 Nd7 59. Be2 Nf6
60. Bf3 Ne8 61. Be2 Nd6 62. Bf3 g4 63. Bg2 Kf6 64. Kd3 Ke7 65. Ke3 Kd7 66. Bh1
Kc8 67. Bg2 Kb7 68. Kd3 Ka7 69. Kd2 b5 70. axb5 a4 71. bxa4 Nxc4+ 72. Kd3 Nb2+
73. Kc2 Nxa4 74. d6 cxd6 75. Bd5 Kb6 76. Be6 Kxb5 77. Bxf5 Kc4 78. Bxg4 Kd4 79.
Bd7 Nb6 80. Be6 Ke4 81. f5 Ke5 82. g4 Kf6 83. Kd3 Na8 84. Ke4 Nc7 85. Bb3 Kg5
86. Bd1 Kf6 87. Bb3 Kg5 88. Bd1 Kh6 89. Bb3 1/2-1/2

[Event "2BLW 1718 Düsseldorfer SK - SG Bochum 3"]
[Site "?"]
[Date "2018.03.18"]
[Round "8.8"]
[White "von Buenau, Heinrich"]
[Black "Stricker, Florian"]
[Result "0-1"]
[WhiteElo "2151"]
[BlackElo "2046"]
[PlyCount "74"]
[EventDate "2018.??.??"]

1. c4 e5 2. g3 Nf6 3. Bg2 c6 4. d4 d6 5. Nc3 Be7 6. e4 Na6 7. Nge2 Nc7 8. O-O
a5 9. h3 b5 10. cxb5 cxb5 11. f4 b4 12. Na4 Ba6 13. Be3 Nh5 14. Kh2 exf4 15.
gxf4 Bh4 16. Rf3 O-O 17. Rc1 Re8 18. e5 Nd5 19. Bd2 Rc8 20. Rxc8 Qxc8 21. Ng1
g6 22. exd6 Qd7 23. Nc5 Qxd6 24. Nxa6 Nhxf4 25. Bxf4 Nxf4 26. Kh1 Re1 27. Qd2
Ne2 28. Qxe1 Bxe1 29. Nxe2 Qxa6 30. Nf4 Qd6 31. Rf1 Bd2 32. Nd5 f5 33. Rf2 Bc1
34. Rc2 Bg5 35. Rc8+ Bd8 36. Nc7 Kf7 37. Bd5+ Ke7 0-1

[Event "2BLW 1718 SG Bochum 31 - SC Hansa Dortm"]
[Site "?"]
[Date "2018.04.15"]
[Round "9.1"]
[White "Heberla, Bartlomiej"]
[Black "Fridman, Rafael"]
[Result "1/2-1/2"]
[WhiteElo "2574"]
[BlackElo "2465"]
[PlyCount "89"]
[EventDate "2018.??.??"]

1. d4 Nf6 2. c4 e5 3. dxe5 Ng4 4. Bf4 Nc6 5. Nf3 Bb4+ 6. Nbd2 Qe7 7. e3 Ngxe5
8. Nxe5 Nxe5 9. Be2 O-O 10. O-O Bxd2 11. Qxd2 d6 12. b4 Rd8 13. Qc3 b6 14. c5
Bb7 15. Bg3 f6 16. Rfc1 Kh8 17. a4 dxc5 18. bxc5 Rd5 19. Qa3 Rad8 20. c6 Qxa3
21. Rxa3 Nxc6 22. h3 Rd2 23. Bg4 g6 24. Rac3 h5 25. Bf3 Na5 26. Bxc7 Re8 27.
Bd1 Kg7 28. Bg3 Red8 29. Rc7+ R8d7 30. Be2 Bc6 31. Rxd7+ Rxd7 32. Bb5 Bxb5 33.
axb5 Nb3 34. Rc7 Nc5 35. f3 Rxc7 36. Bxc7 Kf7 37. g4 hxg4 38. fxg4 g5 39. Kg2
Ke6 40. Kf3 Kd5 41. Bd8 Nd7 42. e4+ Kc4 43. Ke3 Kxb5 44. e5 Nxe5 45. Bxf6
1/2-1/2

[Event "2BLW 1718 SG Bochum 31 - SC Hansa Dortm"]
[Site "?"]
[Date "2018.04.15"]
[Round "9.2"]
[White "Hendriks, Willy"]
[Black "Klyuner, Vyacheslav"]
[Result "1/2-1/2"]
[WhiteElo "2414"]
[BlackElo "2435"]
[PlyCount "33"]
[EventDate "2018.??.??"]

1. g3 Nf6 2. Bg2 d5 3. Nf3 c6 4. O-O Bg4 5. h3 Bxf3 6. Bxf3 Nbd7 7. d3 e5 8.
Nd2 Bd6 9. e4 dxe4 10. dxe4 O-O 11. b3 b5 12. Bb2 Qe7 13. a4 a6 14. Qe2 Rfd8
15. Rfd1 Bc5 16. Kg2 Nb6 17. axb5 {(=)} 1/2-1/2

[Event "2BLW 1718 SG Bochum 31 - SC Hansa Dortm"]
[Site "?"]
[Date "2018.04.15"]
[Round "9.3"]
[White "Mainka, Romuald"]
[Black "Kotainy, Jens"]
[Result "0-1"]
[WhiteElo "2395"]
[BlackElo "2420"]
[PlyCount "158"]
[EventDate "2018.??.??"]

1. Nf3 d6 2. e4 Nf6 3. Nc3 e5 4. d4 exd4 5. Nxd4 Be7 6. g3 O-O 7. Bg2 c6 8. O-O
Re8 9. b3 Bf8 10. Bb2 g6 11. Qd2 Na6 12. Rfe1 Nc5 13. Rad1 Bg7 14. Ba1 Qb6 15.
a3 a5 16. Qf4 Rd8 17. Nf3 Ng4 18. Qd2 Be6 19. Nd4 Bd7 20. h3 Nf6 21. Kh2 Re8
22. Qf4 Rad8 23. Nf3 Bc8 24. Na4 Nxa4 25. Bxf6 Bxf6 26. Qxf6 Nc5 27. Rxd6 Rxd6
28. Qxd6 Nxe4 29. Qf4 f5 30. Ng5 Rf8 31. Nxe4 fxe4 {(=)} 32. Qxe4 Qxf2 33. Qc4+
Qf7 34. Qc5 Qf5 35. Re5 Qf2 36. Qc4+ Kg7 37. Qc3 Kh6 38. Re4 Qf6 39. Qxa5 Bf5
40. Rh4+ Kg7 41. Qd2 h5 42. Rd4 Qe5 43. c3 Re8 44. a4 Re7 45. b4 Qe2 46. Qg5
Re5 47. Qf4 Re3 48. Rd8 Re5 49. Rb8 Re7 50. Qd4+ Kf7 51. Rh8 Ke6 52. Rf8 Qe5
53. Rd8 Qxd4 54. Rxd4 Kf6 55. Rd6+ Ke5 56. Rd8 Kf6 57. Rf8+ Ke6 58. Bf3 Rd7 59.
g4 hxg4 60. hxg4 Bc2 61. g5 Rd3 62. c4 Rc3 63. Bg4+ Ke5 64. c5 {(=)} Rc4 65.
Bc8 Rxb4 66. a5 Rb5 67. Rf2 Be4 68. Rf8 Rxa5 69. Bxb7 Rxc5 70. Bc8 Rc2+ 71. Kg3
Rg2+ 72. Kh4 Rg1 73. Bd7 Kd6 74. Bg4 c5 75. Rd8+ Ke5 76. Re8+ Kf4 77. Bh3 c4
78. Rc8 Rxg5 79. Rf8+ Bf5 0-1

[Event "2BLW 1718 SG Bochum 31 - SC Hansa Dortm"]
[Site "?"]
[Date "2018.04.15"]
[Round "9.4"]
[White "Schlawin, Marlon"]
[Black "Wegener, Olaf"]
[Result "1/2-1/2"]
[WhiteElo "2335"]
[BlackElo "2436"]
[PlyCount "37"]
[EventDate "2018.??.??"]

1. c4 c5 2. g3 g6 3. Bg2 Bg7 4. Nc3 Nc6 5. a3 b6 6. b4 Bb7 7. Rb1 d6 8. Bb2 Qd7
9. Qa4 Rc8 10. Nh3 Ba8 11. O-O Nf6 12. Nf4 O-O 13. Ncd5 Ne8 14. Bxg7 Kxg7 15.
Qb3 e6 16. Qb2+ Kg8 17. Nf6+ Nxf6 18. Qxf6 Qd8 19. Qb2 1/2-1/2

[Event "2BLW 1718 SG Bochum 31 - SC Hansa Dortm"]
[Site "?"]
[Date "2018.04.15"]
[Round "9.5"]
[White "Dr. Scholz, Christian"]
[Black "Hengelbrock, Joachim"]
[Result "1-0"]
[WhiteElo "2381"]
[BlackElo "2294"]
[PlyCount "71"]
[EventDate "2018.??.??"]

1. d4 f5 2. Nf3 Nf6 3. g3 e6 4. Bg2 d5 5. O-O Bd6 6. b3 O-O 7. c4 c6 8. Ba3 Ne4
9. Qc2 Nd7 10. Bxd6 Nxd6 11. Nbd2 Qf6 12. b4 g5 13. e3 a6 14. a4 Kh8 15. Rab1
Qg7 16. b5 axb5 17. axb5 f4 18. exf4 gxf4 19. Rfe1 fxg3 20. hxg3 Nf5 21. bxc6
bxc6 22. Rxe6 Nb8 23. Re2 Nxg3 24. fxg3 Bf5 25. Qb2 Bxb1 26. Qxb1 c5 27. cxd5
cxd4 28. Qd3 Ra4 29. Nf1 Nd7 30. d6 Nc5 31. Qb5 d3 32. Re8 d2 33. N1xd2 Ra1+
34. Nf1 Nd7 35. Re7 Rxf1+ 36. Qxf1 1-0

[Event "2BLW 1718 SG Bochum 31 - SC Hansa Dortm"]
[Site "?"]
[Date "2018.04.15"]
[Round "9.6"]
[White "Werthebach, Felix"]
[Black "Kotter, Ralf"]
[Result "0-1"]
[WhiteElo "2170"]
[BlackElo "2380"]
[PlyCount "66"]
[EventDate "2018.??.??"]

1. c4 c5 2. Nc3 Nc6 3. g3 g6 4. Bg2 Bg7 5. a3 e6 6. Rb1 Nge7 7. b4 d6 8. Nh3
O-O 9. Nf4 Rb8 10. O-O b6 11. e3 Bb7 12. Qe2 Qd7 13. b5 Na5 14. Bxb7 Qxb7 15.
e4 {(=)} Rfe8 16. Nd1 d5 17. d3 Rbd8 18. Bd2 dxe4 19. Bxa5 exd3 20. Nxd3 bxa5
21. Nxc5 Qc8 22. Na6 Nf5 23. Kg2 Nd4 24. Qa2 Bh6 25. Rb2 Bc1 26. f3 Bxb2 27.
Nxb2 Nf5 28. Qb3 Rd2+ 29. Rf2 Red8 30. c5 Qd7 31. Nc4 Rxf2+ 32. Kxf2 Qd4+ 33.
Ke2 Qg1 0-1

[Event "2BLW 1718 SG Bochum 31 - SC Hansa Dortm"]
[Site "?"]
[Date "2018.04.15"]
[Round "9.7"]
[White "Dr. Kalka, Arkadius Georg"]
[Black "Backwinkel, Paul"]
[Result "0-1"]
[WhiteElo "2338"]
[BlackElo "2301"]
[PlyCount "74"]
[EventDate "2018.??.??"]

1. c4 e6 2. g3 d5 3. Bg2 b6 4. Nc3 Nf6 5. d4 Bb7 6. Nf3 Nbd7 7. Ne5 c6 8. O-O
Be7 9. Qa4 Nxe5 10. dxe5 Nd7 11. cxd5 exd5 12. Qg4 g6 13. e6 Nf6 14. Qf3 fxe6
15. Bh6 e5 16. Rad1 Qd6 17. Bh3 Bc8 18. Bxc8 Rxc8 19. Bg7 Rg8 20. Bxf6 Qxf6 21.
Qg4 Qf5 22. Qa4 d4 23. e4 Qe6 24. Ne2 a5 25. f4 Bc5 26. Kg2 Rf8 27. fxe5 Rxf1
28. Rxf1 Qxe5 29. Nf4 g5 30. Nh5 Qxe4+ 31. Kh3 g4+ 32. Kh4 Be7+ 33. Nf6+ Kf7
34. Qb3+ Kg6 35. Rf4 Bxf6+ 36. Kxg4 Qe2+ 37. Rf3 Re8 0-1

[Event "2BLW 1718 SG Bochum 31 - SC Hansa Dortm"]
[Site "?"]
[Date "2018.04.15"]
[Round "9.8"]
[White "Stricker, Florian"]
[Black "Prueske, Wolfgang"]
[Result "1-0"]
[WhiteElo "2046"]
[BlackElo "2009"]
[PlyCount "75"]
[EventDate "2018.??.??"]

1. b3 Nf6 2. e3 e6 3. Bb2 Be7 4. Nf3 b6 5. c4 Bb7 6. d4 O-O 7. Nbd2 Ne4 8. Bd3
f5 9. O-O Qe8 10. Qc2 Nxd2 11. Nxd2 Nc6 12. a3 Bf6 13. Rae1 Qg6 14. f3 a5 15.
Bc3 Rae8 16. b4 axb4 17. axb4 Bh4 18. Re2 e5 19. b5 exd4 20. exd4 Rxe2 21. Bxe2
Nd8 22. Bb4 d6 23. d5 Bf6 24. Nb3 Qe8 25. Qd3 Nf7 26. f4 Nh6 27. Bf3 Qf7 28.
Nd4 Bxd4+ 29. Qxd4 Re8 30. Bc3 Ng4 31. Bxg4 fxg4 32. f5 Qf6 33. Qxg4 Qf7 34. f6
g6 35. Qh4 Bc8 36. Qf4 Bf5 37. Qg3 Re4 38. Rxf5 1-0

[Event "2BLW 1718 Aachener SV - Düsseldorfer SK"]
[Site "?"]
[Date "2018.04.15"]
[Round "9.1"]
[White "Timman, Jan Hendrik"]
[Black "Seel, Christian"]
[Result "1/2-1/2"]
[WhiteElo "2551"]
[BlackElo "2471"]
[PlyCount "192"]
[EventDate "2018.??.??"]

1. c4 Nf6 2. Nc3 c5 3. Nf3 d5 4. cxd5 Nxd5 5. e4 Nb4 6. Bc4 Nd3+ 7. Ke2 Nf4+ 8.
Kf1 Ne6 9. d3 Nc6 10. h4 Ned4 11. Nb5 Nxb5 12. Bxb5 Qb6 13. Ba4 Bd7 14. Be3 Rd8
15. b4 Nxb4 16. Ne5 Bxa4 17. Qxa4+ Nc6 18. Nxc6 bxc6 19. Ke2 Qb2+ 20. Bd2 Qb5
21. Qb3 e6 22. Rab1 Qxb3 23. Rxb3 Bd6 24. Rc1 Rb8 25. Rxb8+ Bxb8 26. Be3 Bc7
27. Rxc5 Kd7 28. Rc2 Bb6 29. Rb2 Kc7 30. h5 Rg8 31. Rb1 f5 32. Bf4+ Kb7 33. Be5
c5 34. Rc1 Kc6 35. d4 fxe4 36. dxc5 Bd8 37. Bd6 g6 38. hxg6 Rxg6 39. g3 Rg7 40.
Rc4 Kd5 41. Rc1 Rb7 42. Rc2 Rb1 43. Bf4 Kc6 44. Be3 h5 45. Rc4 Rb2+ 46. Kf1
Rxa2 47. Rxe4 Kd7 48. Rd4+ Kc8 49. Rd6 a5 50. Rxe6 a4 51. c6 Rc2 52. Re8 Rxc6
53. Bg5 Rd6 54. Bxd8 Rxd8 55. Re4 a3 56. Ke2 Kd7 57. Ra4 Ke6 58. Rxa3 Kf5 59.
Kf3 Rd4 60. Ra5+ Kg6 61. Re5 Ra4 62. Re4 Ra2 63. Rd4 Rb2 64. Rd6+ Kf5 65. Rd5+
Kg6 66. Ke3 Ra2 67. Rd2 Ra4 68. f3 Rb4 69. Rd4 Rb6 70. Rc4 Ra6 71. Re4 Rd6 72.
Re5 Ra6 73. Kf4 Ra4+ 74. Re4 Ra6 75. Rd4 Rf6+ 76. Ke4 Re6+ 77. Kd3 Ra6 78. Ke3
Re6+ 79. Kf2 Ra6 80. Kg2 Ra1 81. Rd6+ Kf5 82. f4 h4 83. Rd5+ Ke6 84. Re5+ Kf6
85. gxh4 Ra3 86. h5 Rb3 87. Rg5 Rb2+ 88. Kg3 Rb1 89. Kh2 Rb2+ 90. Kg3 Rb1 91.
Ra5 Rg1+ 92. Kf2 Rh1 93. Kg2 Rh4 94. Kf3 Rh1 95. h6 Rxh6 96. Ra6+ Kg7 1/2-1/2

[Event "2BLW 1718 Aachener SV - Düsseldorfer SK"]
[Site "?"]
[Date "2018.04.15"]
[Round "9.3"]
[White "Schuh, Dirk"]
[Black "Vandenbussche, Thibaut"]
[Result "1-0"]
[WhiteElo "2381"]
[BlackElo "2410"]
[PlyCount "111"]
[EventDate "2018.??.??"]

1. e4 d6 2. Nc3 g6 3. d4 Bg7 4. f4 Nc6 5. Nf3 Bg4 6. Be3 e6 7. Be2 Nge7 8. O-O
O-O 9. h3 Bxf3 10. Bxf3 d5 11. e5 f6 12. g4 Na5 13. Na4 Nc4 14. Bc1 b6 15. b3
Na5 16. Be3 c5 17. c3 Qc7 18. Qd2 c4 19. b4 Nac6 20. Nb2 fxe5 21. fxe5 Rf7 22.
Bg2 Raf8 23. Rxf7 Rxf7 24. Rf1 Rxf1+ 25. Bxf1 b5 26. a4 a6 27. Bg5 Nc8 28. a5
Qf7 29. Qf4 Qf8 30. Bf6 Nd6 31. Bg2 Bxf6 32. exf6 Qd8 33. Nd1 Nf7 34. g5 Qd6
35. Qe3 Qd7 36. h4 Nd6 37. Bh3 Kf7 38. Nf2 Qc8 39. Qf3 Qc7 40. Bg4 Qd8 41. Nh3
Qb8 42. Nf4 Nd8 43. Bxe6+ Nxe6 44. Qxd5 Qe8 45. Qxd6 Nxg5 46. Qc7+ Kxf6 47.
hxg5+ Kf5 48. Qe5+ Qxe5 49. dxe5 Kxe5 50. Ne2 Ke4 51. Nd4 Kd3 52. Nxb5 axb5 53.
a6 Kxc3 54. a7 Kb2 55. a8=Q c3 56. Qh8 1-0

[Event "2BLW 1718 Aachener SV - Düsseldorfer SK"]
[Site "?"]
[Date "2018.04.15"]
[Round "9.4"]
[White "Piceu, Tom"]
[Black "Stark, Lars"]
[Result "1-0"]
[WhiteElo "2362"]
[BlackElo "2380"]
[PlyCount "157"]
[EventDate "2018.??.??"]

1. d4 Nf6 2. Nf3 e6 3. e3 b6 4. Bd3 Bb7 5. Nbd2 d5 6. Qe2 Nbd7 7. e4 dxe4 8.
Nxe4 Nxe4 9. Bxe4 Bxe4 10. Qxe4 h6 11. Bf4 Bd6 {(=)} 12. Bxd6 cxd6 13. O-O-O
O-O 14. Kb1 Nf6 15. Qe2 Rc8 16. Rhg1 Nd5 17. g4 Nf4 18. Qe4 Nh3 19. Rgf1 Qf6
20. Rd3 Nf4 21. Rd2 Nh3 22. Ng1 Qf4 23. Qxf4 Nxf4 24. Ne2 Nd5 25. Ng3 Rc6 26.
a4 Rfc8 27. Re1 Nf6 28. f3 a6 29. Re3 Nd5 30. Rb3 Kf8 31. h4 Ke7 32. c3 b5 33.
axb5 axb5 34. Ne2 b4 35. cxb4 Rb8 36. Nc3 Nxb4 37. Na2 Rcb6 38. Nxb4 Rxb4 39.
Rxb4 Rxb4 40. Kc2 Kd7 {(=)} 41. Kc3 Rb7 42. b3 Ra7 43. h5 Ra1 44. d5 Rf1 45.
Rd3 e5 46. b4 Rc1+ 47. Kb3 Kc7 48. Rc3+ Rxc3+ 49. Kxc3 Kb6 50. Kb3 Kb5 51. Ka3
g5 52. Kb3 f6 53. Ka3 Kc4 54. Ka4 f5 55. gxf5 g4 56. fxg4 e4 57. f6 e3 58. f7
e2 59. f8=Q e1=Q 60. Qf4+ Kxd5 61. Qxh6 Qa1+ 62. Kb5 Qf1+ 63. Kb6 Qf2+ 64. Kb7
Qf7+ 65. Ka6 Qf1+ 66. b5 Qa1+ 67. Kb7 Kc5 68. b6 Qh1+ 69. Ka7 Kc6 70. Qg7 Qe1
71. Qc7+ Kd5 72. Qf7+ Kc5 73. Qf5+ Kc6 74. Qc8+ Kd5 75. b7 Qa5+ 76. Kb8 Qb6 77.
Qc7 Qe3 78. Qa5+ Ke6 79. Ka8 1-0

[Event "2BLW 1718 Aachener SV - Düsseldorfer SK"]
[Site "?"]
[Date "2018.04.15"]
[Round "9.5"]
[White "Kohlweyer, Bernd"]
[Black "Sonntag, Hans-Hubert"]
[Result "1/2-1/2"]
[WhiteElo "2336"]
[BlackElo "2340"]
[PlyCount "26"]
[EventDate "2018.??.??"]

1. c4 e6 2. g3 d5 3. Bg2 dxc4 4. Qa4+ c6 5. Qxc4 b5 6. Qb3 Bb7 7. Nc3 a6 8. d3
Nd7 9. a4 Ngf6 10. Bg5 Qb6 11. Bxf6 Nxf6 12. Nf3 Be7 13. O-O O-O 1/2-1/2

[Event "2BLW 1718 Aachener SV - Düsseldorfer SK"]
[Site "?"]
[Date "2018.04.15"]
[Round "9.6"]
[White "Klein, Felix"]
[Black "Coenen, Michael"]
[Result "0-1"]
[WhiteElo "2286"]
[BlackElo "2358"]
[PlyCount "70"]
[EventDate "2018.??.??"]

1. e4 c5 2. Nf3 e6 3. d4 cxd4 4. Nxd4 Nc6 5. Nc3 Qc7 6. Be3 a6 7. Qd2 Nf6 8.
O-O-O Bb4 9. f3 d5 10. Nde2 dxe4 11. a3 Be7 12. fxe4 O-O 13. Kb1 b5 14. Nd4 Rd8
15. Qe1 Bb7 16. Nxc6 Rxd1+ 17. Qxd1 Bxc6 18. Bd3 b4 19. axb4 Bxb4 20. Na2 Bd6
21. Nc3 {(=)} Be5 22. Bd2 Rb8 23. Re1 Qa5 24. Nb5 Qb6 25. Be3 Qb7 26. Ba7 Rd8
27. Bd4 Bxd4 28. Nxd4 Rxd4 29. e5 Ne4 30. Kc1 Ra4 31. c3 Ra1+ 32. Bb1 Rxb1+ 33.
Kxb1 Nxc3+ 34. Kc1 Nxd1 35. Rxd1 g5 0-1